00609 2200229 4500001002100000005001500021035002000036007000300056008004100059020002200100082001000122084001600132100002000148245007300168250001000241260003800251300003100289650002700320700001000347990001100357990001100368INLIS00000000000450020191127095144 a0010-1119000127ta191127 g 0 ind  a978-602-6563-51-4 a641.5 a641.5 REV s0 aREVA, Divantari1 a120 Resep Sambal dan Saus Nusantara /cReva Divantari; editor, Derry acet.1 a[s.l] :bSenja Media Utama,c2017 a133 hlm. :bilus. ;c21 cm 4aMASAKAN. RESEP MAKANAN0 aDERRY a7177 a a7177 b